000 00859nam a2200289 a 4500
003 AR-BaBNM
005 20251128204418.0
008 082120s2002 ||||||||||||||000 | spa||
020 _a950-25-1328-2
040 _cAR-BaBNM
100 1 _aBravo, Héctor Félix
245 0 0 _aBases constitucionales de la educación argentina
_bun proyecto de reforma
260 _aBuenos Aires
_bCentro Editor de América Latina
_c1988
300 _a168 p.
490 0 _aBibliotecas universitarias. Educación
504 _aContiene bibliografía
650 4 _aPOLITICA EDUCATIVA
650 4 _aREFORMA DE LA EDUCACION
650 4 _aANALISIS COMPARATIVO
650 4 _aLIBERTAD DE ENSEÑANZA
650 4 _aDERECHOS CIVILES Y POLITICOS
650 4 _aDERECHO A LA EDUCACION
650 4 _aCONSTITUCIONES
651 4 _aArgentina
942 _cBK
998 _cCarmen
999 _c7350
_d7350